Géographie de l'Amérique du Nord par lettre - H - Statistiques

Statistiques générales
  • Ce quiz a été pris 201 fois
  • Le résultat moyen est 11 sur 20
Statistiques - réponses
Indice Réponse % Correct
Pays qui borde la République dominicaine Haïti
99%
Pays d'Amérique centrale Honduras
96%
Plus ancienne université américaine Harvard
89%
On y trouve un trottoir avec des étoiles roses Hollywood
85%
Plus grande ville texane Houston
83%
Genre musical né dans le Bronx Hip-hop
75%
Grande baie au nord-est du Canada Baie d'{Hudson}
71%
Plante utilisée en brasserie, notamment cultivée dans l'état de Washington Houblon
68%
Courant culturel apparu à San Francisco dans les années 1960 Hippie
63%
Quartier de Manhattan, historiquement un lieu où se concentrent les Afros-américains Harlem
56%
Un des Grands lacs Huron
53%
Deuxième plus grande île des Caraïbes Hispaniola
46%
Terme qui désigne un vaste domaine en Amérique centrale Hacienda
44%
Capitale de la Nouvelle-Écosse Halifax
33%
Volcan près de Seattle qui tua 57 personnes en 1980 Mont Saint {Helens}
28%
Grand barrage sur le fleuve Colorado Hoover
24%
Capitale du Montana Helena
21%
Capitale de la Pennsylvanie Harrisburg
20%
Ville ontarienne ou comédie musicale à Broadway qui porte le nom d'un père fondateur Hamilton
16%
Capitale du Connecticut Hartford
16%
Aucun quiz correspondant
Distribution des résultats
% des personnes avec chaque résultat
Percentile par nombre de réponses
Votre historique - résultats
Vous n’avez pas pris ce quiz